Multitudes inteligentes: la próxima revolución social
Zapisane w:
| 1. autor: | |
|---|---|
| Format: | Książka |
| Język: | hiszpański |
| Wydane: |
Barcelona
Gedisa S. A
2004
|
| Wydanie: | 1a. ed |
| Seria: | Cibercultura
|
| Hasła przedmiotowe: | |
| Etykiety: |
Dodaj etykietę
Nie ma etykietki, Dołącz pierwszą etykiete!
|
MARC
| LEADER | 00000cam a2200000 a 4500 | ||
|---|---|---|---|
| 001 | UCC5842 | ||
| 003 | CL-VaPUC | ||
| 008 | 181031e20040000sp |||||||||||||||||spa|d | ||
| 020 | |a 8497840623 | ||
| 082 | 0 | 4 | |a 303.48 |b RHE |2 21 |
| 100 | 0 | |a Rheingold, Howard |e author |9 600244 | |
| 245 | 1 | 0 | |a Multitudes inteligentes: la próxima revolución social |
| 250 | |a 1a. ed | ||
| 300 | |a 286 p | ||
| 942 | |c BK | ||
| 945 | |d 20181031 17:21:00 |a dcastane | ||
| 260 | |a Barcelona |b Gedisa S. A |c 2004 | ||
| 650 | 7 | |a TECNOLOGIA Y CIVILIZACION |2 CL-VaPUC |9 312103 | |
| 650 | 0 | |a Cultura y sociedad |9 367502 | |
| 650 | 0 | |a Cultura y globalización |9 530870 | |
| 650 | 0 | |a Internet |9 254823 | |
| 583 | |a last modification |c 20181031 17:21:00 |k Rodrigo Vera | ||
| 490 | 0 | |a Cibercultura | |
| 999 | |c 372951 |d 372949 | ||
| 952 | |0 0 |1 0 |3 erb |4 0 |6 303_480000000000000_RHE_2004 |7 0 |8 A |9 490843 |a BIBCUR |b BIBCUR |i 5511453 |o 303.48 RHE 2004 |p 5511453 |r 2025-04-22 |w 2019-11-24 |y BK |z Catalogado en:20181031 |k PER | ||